Detalles MARC
| 000 -LEADER |
| fixed length control field |
01751nam a2200301 a 4500 |
| 001 - CONTROL NUMBER |
| control field |
000026609 |
| 003 - CONTROL NUMBER IDENTIFIER |
| control field |
DO-SdBNP |
| 005 - DATE AND TIME OF LATEST TRANSACTION |
| control field |
20221006100726.0 |
| 008 - FIXED-LENGTH DATA ELEMENTS--GENERAL INFORMATION |
| fixed length control field |
110324t1998 dr abd 001 0 spa d |
| 040 ## - CATALOGING SOURCE |
| Original cataloging agency |
DO-SdBNP |
| Language of cataloging |
spa |
| Transcribing agency |
BPMSU |
| 082 ## - DEWEY DECIMAL CLASSIFICATION NUMBER |
| Classification number |
327.729307294 |
| Item number |
R426d 1998 |
| Edition number |
22 |
| 245 03 - TITLE STATEMENT |
| Title |
La República Dominicana y Haití frente al futuro / |
| Statement of responsibility, etc. |
editores Rubén Silié, Orlando Inoa, Arnold Antonin. |
| 260 ## - PUBLICATION, DISTRIBUTION, ETC. (IMPRINT) |
| Place of publication, distribution, etc. |
Santo Domingo : |
| Name of publisher, distributor, etc. |
FLACSO, |
| Date of publication, distribution, etc. |
1998. |
| 300 ## - PHYSICAL DESCRIPTION |
| Extent |
245 p. : |
| Other physical details |
il., mapas, tabls. ; |
| Dimensions |
22 cm. |
| 505 0# - FORMATTED CONTENTS NOTE |
| Miscellaneous information |
Presentación -- |
| Title |
Aspectos socio-históricos sobre la inmigración haitiana a la República Dominicana / |
| Statement of responsibility |
Rubén Silié -- |
| Title |
La República de Haití y la República Dominicana / |
| Statement of responsibility |
Georges Brunet, |
| -- |
Kesner Pharel, |
| -- |
con la colaboración de Francisco Guerrero Prats -- |
| Title |
Coordenadas coyunturales bajo el gobierno del Partido de la Liberación Dominicana / |
| Statement of responsibility |
Roberto Cassá -- |
| Title |
Haití: Modernización política y democratización / |
| Statement of responsibility |
Claude Moîse -- |
| Title |
De la solidaridad a la cooperación institucionalizada / |
| Statement of responsibility |
Kathy Magonés -- |
| Title |
Medio ambiente en Haití y la República Dominicana / |
| Statement of responsibility |
Rafael Emilio Yunén -- |
| Title |
Los desafíos ecólogicos en Haití hacia el año 2000 / |
| Statement of responsibility |
Roberson Jonas Léger. |
| 590 ## - LOCAL NOTE (RLIN) |
| Local note |
Inventariado, 2022/VM |
| 651 #4 - SUBJECT ADDED ENTRY--GEOGRAPHIC NAME |
| Geographic name |
República Dominicana |
| General subdivision |
Emigración e inmigración |
| Geographic subdivision |
Historia |
| 651 #4 - SUBJECT ADDED ENTRY--GEOGRAPHIC NAME |
| Geographic name |
República Dominicana |
| General subdivision |
Relaciones exteriores |
| 651 #4 - SUBJECT ADDED ENTRY--GEOGRAPHIC NAME |
| Geographic name |
Haití |
| General subdivision |
Relaciones Exteriores |
| 651 #4 - SUBJECT ADDED ENTRY--GEOGRAPHIC NAME |
| Geographic name |
Haití |
| General subdivision |
Emigración e inmigración |
| Geographic subdivision |
Historia |
| 700 1# - ADDED ENTRY--PERSONAL NAME |
| Personal name |
Silié, Rubén |
| Dates associated with a name |
1946- |
| Relator term |
ed. |
| 700 1# - ADDED ENTRY--PERSONAL NAME |
| Personal name |
Inoa, Orlando |
| Relator term |
ed. |
| 700 1# - ADDED ENTRY--PERSONAL NAME |
| Personal name |
Antonin, Arnold, |
| Relator term |
ed. |
| 700 z# - ADDED ENTRY--PERSONAL NAME |
| Personal name |
Valdez, Rubén Silié, |
| Dates associated with a name |
1946- |
| 710 2# - ADDED ENTRY--CORPORATE NAME |
| Corporate name or jurisdiction name as entry element |
FLACSO, Programa (República Dominicana) |
| 910 ## - USER-OPTION DATA (OCLC) |
| User-option data |
VMateo V./Validado. |
| 942 ## - ADDED ENTRY ELEMENTS (KOHA) |
| Source of classification or shelving scheme |
Dewey Decimal Classification |
| Koha item type |
Libros |